| 000 | 00434nam a22001217a 4500 | ||
|---|---|---|---|
| 082 | _a200 THE | ||
| 100 |
_aMuhammad Muzammal Islam _973274 |
||
| 245 | _aTH-SOF-1835-Adaptive nonlinear control of unified model of fuel cell, ultracapacitor and battery based hybrid electric vehicles | ||
| 260 |
_aISLAMABAD _bNUST COLLEGE OF EME _c2020 |
||
| 650 |
_aMS-ELECT-2018 _973275 |
||
| 700 | _aSupervisor Dr. Muwahida Liaquat | ||
| 942 |
_cCF _2ddc |
||
| 999 |
_c579076 _d579076 |
||